000 00852am a2200313a 44500
003 AR-BaBNM
005 20251128211026.0
008 162020s2000 #AR|||||||||||000 | por||
020 _a85-86738-09-3
040 _cAR-BaBNM
100 1 _aLépine, Claude
245 1 0 _aOs dois reis do Danxome
_bvarícola e monarquia na África Ocidental: 1650-1800
260 _aSao Paulo
_bUnesp Marília Publicaçoes
_c2000
300 _a219 p.
_bmapas, gráfs., il.
650 4 _aANTROPOLOGIA CULTURAL Y SOCIAL
650 4 _aCULTURA
650 4 _aHISTORIA
650 4 _aSOCIOLOGIA
650 4 _aHISTORIA AFRICANA
650 4 _aSIGLO DIECISIETE
650 4 _aSIGLO DIECIOCHO
650 4 _aMITOLOGIA
650 4 _aHISTORIA DE LAS RELIGIONES
650 4 _aPOLITICA
650 4 _aSOCIEDAD
651 4 _aAfrica
942 _cBK
998 _cmariana
999 _c17943
_d17943